Suomen kaupungit Visa #3 - Statistics

Yleistilastot
  • Tätä visaa on pelattu 11 kertaa
  • Keskiarvotulos 4 / 5
Vastaustilastot
Perustamisvuosi Kaupunki % Oikein
1905 Lahti
100%
1651 Kajaani
90%
1869 Kemi
80%
1443 Naantali
80%
1891 Iisalmi
60%
Ehtoja vastaavia visoja ei löytynyt
Tulosjakauma
Jokaisen tuloksen saaneiden osuus
Persentiili vastausten määrän mukaan
Tuloshistoriasi
Et ole pelannut tätä visaa